Gaming Quiz

Random Gaming Quiz

Myst Characters Quiz Stats

 Plays Quiz not verified by Sporcle

Also try: Bluffing Cards
Challenge
Share
Tweet
Embed
Score 0/9 Timer 02:00
0 Plays Today
description Name of character % Correct
Atrus's wifeCatherine
96.9%
Their sonsSirrus and Achenar
84.4%
Atrus's daughterYeesha
70.6%
Atrus's fatherGehn
69.4%
Atrus's grandmotherTi'ana or Anna
61.9%
Disgruntled native of NaryanSaavedro
56.3%
The character you play in the gameYourself!
48.1%
Most famous D'ni kingKerath
13.8%
Catherine's moiety friendNelah
5.6%

You're not logged in!

Compare scores with friends on all Sporcle quizzes.
Join for Free
OR
Log In

You Might Also Like...

Show Comments

Extras

Top Quizzes Today


Score Distribution

Your Account Isn't Verified!

In order to create a playlist on Sporcle, you need to verify the email address you used during registration. Go to your Sporcle Settings to finish the process.

Report this User

Report this user for behavior that violates our Community Guidelines.

Details: